000 00394 a2200169 4500
001 71771
020 _a8526231979
040 _cAnchieta - Colégio São Paulo
100 _aAndrade, Telma Guimarães Castro
240 1 0 _aViver um grande amor
_lpor
245 1 0 _aViver um grande amor
300 _a70
362 0 _a2000
440 1 _aScipione
650 4 _aLiteratura juvenil
942 _cBK
999 _c71771
_d71771